Latin Verb Conjugation – Active Indicative - Statistics

General Stats
  • This quiz has been taken 155 times
  • The average score is 105 of 216
Answer Stats
Hint Answer % Correct
2 sing. numerās
97%
1 sing. numerō
97%
3 sing. numerat
95%
1 pl. numerāmus
94%
3 pl. numerant
92%
2 pl. numerātis
92%
es
86%
sum
86%
est
85%
sumus
83%
sunt
82%
exercēs
79%
exercet
79%
custōdiō
78%
estis
78%
exercēmus
78%
exerceō
78%
frangõ
78%
custōdīs
77%
exercent
77%
exercētis
77%
custōdit
76%
frangis
76%
frangit
76%
1 sing. numerābam
76%
custōdīmus
75%
frangimus
75%
3 sing. numerābat
75%
custōdītis
74%
frangitis
74%
2 sing. numerābās
74%
3 pl. numerābant
72%
1 pl. numerābāmus
70%
2 pl. numerābātis
70%
2 sing. numerābis
70%
frangunt
69%
3 sing. numerābit
69%
1 pl. numerābimus
68%
2 pl. numerābitis
68%
1 sing. numerābo
68%
3 pl. numerābunt
68%
custōdiunt
66%
1 sing. numerāvī
66%
frangēs
64%
3 sing. numerāvit
64%
ferō
63%
1 pl. numerāvimus
62%
3 pl. numerāvērunt
61%
eram
60%
erāmus
60%
erant
60%
erās
60%
erat
60%
erātis
60%
exercēbam
60%
exercēbunt
60%
frangent
60%
exercēbimus
59%
exercēbis
59%
exercēbit
59%
exercēbitis
59%
franget
59%
2 sing. numerāvistī
59%
custōdiēs
57%
exercēbāmus
57%
exercēbant
57%
exercēbās
57%
exercēbat
57%
exercēbātis
57%
exercēbō
57%
2 pl. numerāvistis
57%
frangam
54%
frangēmus
54%
frangētis
54%
custōdiam
53%
custōdient
53%
frangēbam
53%
frangēbāmus
53%
frangēbant
53%
frangēbās
53%
frangēbat
53%
frangēbātis
53%
eris
52%
erit
52%
erō
52%
custōdiēmus
51%
custōdiet
51%
custōdiētis
51%
erimus
51%
eritis
51%
erunt
51%
1 sing. numerāveram
51%
1 pl. numerāverāmus
51%
3 pl. numerāverant
51%
2 sing. numerāverās
51%
3 sing. numerāverat
51%
ferēs
49%
fuī
49%
fuimus
48%
fuit
48%
2 pl. numerāverātis
48%
custōdiēbam
47%
custōdiēbāmus
47%
custōdiēbant
47%
custōdiēbās
47%
custōdiēbat
47%
custōdiēbātis
47%
ferēmus
47%
fuērunt
47%
ferent
46%
ferunt
46%
custōdīvī
45%
custōdīvit
45%
feret
45%
fuistī
45%
fuistis
45%
custōdīvimus
44%
exercuī
44%
ferētis
44%
custōdīvērunt
43%
ferimus
43%
exercuimus
41%
exercuistī
41%
exercuit
41%
fueram
41%
fuerāmus
41%
fuerant
41%
fuerās
41%
fuerat
41%
fuerātis
41%
custōdīvistī
40%
exercuistis
40%
fert
40%
1 pl. numerāverimus
40%
2 sing. numerāveris
40%
3 sing. numerāverit
40%
2 pl. numerāveritis
40%
1 sing. numerāverō
40%
custōdīvistis
39%
exercuērunt
39%
feram
39%
fers
39%
3 pl. numerāverint
39%
custōdīveram
38%
custōdīverāmus
38%
custōdīverant
38%
custōdīverās
38%
custōdīverat
38%
custōdīverātis
38%
fertis
37%
exercuerant
34%
fuerimus
34%
fuerint
34%
fueris
34%
fuerit
34%
fueritis
34%
fuerõ
34%
exercueram
33%
exercuerāmus
33%
exercuerās
33%
exercuerat
33%
exercuerātis
33%
ferēbam
33%
ferēbāmus
33%
ferēbant
33%
ferēbās
33%
ferēbat
33%
ferēbātis
33%
custōdīverimus
31%
custōdīverint
31%
custōdīveris
31%
custōdīverit
31%
custōdīveritis
31%
custōdīverō
31%
tulī
30%
exercuerimus
29%
exercuerint
29%
exercueris
29%
exercuerit
29%
exercueritis
29%
exercuerō
29%
tulimus
29%
tulit
29%
tulērunt
28%
tulistī
28%
tulistis
28%
frēgērunt
26%
frēgī
26%
frēgimus
26%
frēgistī
26%
frēgistis
26%
frēgit
26%
frēgeram
25%
frēgerāmus
25%
frēgerant
25%
frēgerās
25%
frēgerat
25%
frēgerātis
25%
tuleram
25%
tulerāmus
24%
tulerant
24%
tulerās
24%
tulerat
24%
tulerātis
24%
tulerō
23%
frēgerint
22%
tulerimus
22%
tulerint
22%
tuleris
22%
tulerit
22%
tuleritis
22%
frēgerimus
21%
frēgeris
21%
frēgerit
21%
frēgeritis
21%
frēgerō
21%
No matching quizzes found
Score Distribution
Percent of People with Each Score
Percentile by Number Answered
Your Score History
You have not taken this quiz